Teaching young adult literataure : (Record no. 144295)
[ view plain ]
| 000 -LEADER | |
|---|---|
| fixed length control field | 00956nam a22002297a 4500 |
| 005 - DATE AND TIME OF LATEST TRANSACTION | |
| control field | 20180108154538.0 |
| 010 ## - LCCN (DPL NO) | |
| LC control number | 1718EN-30ENG-122015 |
| 020 ## - INTERNATIONAL STANDARD BOOK NUMBER | |
| International Standard Book Number | 9789386062727 |
| Terms of availability | 895.00 |
| 035 ## - SYSTEM CONTROL NUMBER | |
| System control number | B-682866-867 |
| 035 ## - SYSTEM CONTROL NUMBER | |
| System control number | EN-105547 |
| 037 ## - SOURCE OF ACQUISITION | |
| Source of stock number/acquisition | Aakar |
| Stock number | dpl |
| 037 ## - SOURCE OF ACQUISITION | |
| Source of stock number/acquisition | DBAD/PUB |
| 082 ## - DEWEY DECIMAL CLASSIFICATION NUMBER | |
| Classification number | 809.892830712 |
| 100 ## - MAIN ENTRY--PERSONAL NAME | |
| Personal name | Bean, Thomas W. |
| 245 ## - TITLE STATEMENT | |
| Title | Teaching young adult literataure : |
| Statement of responsibility, etc | by Thomas W. Bean, Judith Dunkerly-Bean [and] Helen J. Harper |
| Remainder of title | developing students as world citizen / |
| 260 ## - PUBLICATION, DISTRIBUTION, ETC. (IMPRINT) | |
| Place of publication, distribution, etc | New Delhi |
| Name of publisher, distributor, etc | SAGE Publications |
| Date of publication, distribution, etc | 2016 |
| 270 ## - ADDRESS | |
| Address | B1/I-1 Mohan Cooperative Industrial Area, Mathura Road |
| City | New Delhi |
| Postal code | 110044 |
| 300 ## - PHYSICAL DESCRIPTION | |
| Extent | xxviii, 336p. |
| Dimensions | 23cm(pbk) |
| 500 ## - GENERAL NOTE | |
| General note | Includes index. |
| 942 ## - ADDED ENTRY ELEMENTS (KOHA) | |
| Source of classification or shelving scheme | Dewey Decimal Classification |
| Item type | English Books |
| Call number suffix | BEA |
| Classification part | 809.892830712 |
| Withdrawn status | Lost status | Not for loan | Collection code | Home library | Current library | Date acquired | Source of acquisition | Cost, normal purchase price | Full call number | Barcode | Copy number | Cost, replacement price | Koha item type |
|---|---|---|---|---|---|---|---|---|---|---|---|---|---|
| Non-fiction | Ashok Vihar | Ashok Vihar | 05/01/2018 | Aakar/I-2013/30.11.2017/BPPD/EN/2017-18/20.11.17/14.12.2017 | 895.00 | 809.892830712 BEA | B-682867 | 1 | 895.00 | English Books | |||
| Non-fiction | Central Library | Central Library | 05/01/2018 | Aakar/I-2013/30.11.2017/BPPD/EN/2017-18/20.11.17/14.12.2017 | 895.00 | 809.892830712 BEA | B-682866 | 1 | 895.00 | English Books | |||
| Not For Loan | Non-fiction | D.B.Act.Division | D.B.Act.Division | 08/01/2018 | DBAD/PUB | 895.00 | 809.892830712 BEA | EN-105547 | 1 | 895.00 | English Books |
